| 000 | 00476nam a22001457a 4500 | ||
|---|---|---|---|
| 999 |
_c60802 _d60802 |
||
| 005 | 20231024110844.0 | ||
| 008 | 231024s1960 ru ||||| |||| 00| 0 rus d | ||
| 080 | _a902 Д-45 | ||
| 100 |
_aДикшит, С. К. _920204 |
||
| 245 |
_aВведение в археологию / _cС. К. Дикшит. |
||
| 264 |
_a М.: _bИностранная литература, _c 1960. |
||
| 300 |
_a506 стр.; _b23 см. |
||
| 653 | _aარქეოლოგია | ||
| 942 |
_2udc _cBK |
||